00470nam a2200157Ia 450000500170000000800410001702000180005803700130007604000200008904100130010908400200012210000140014224501040015626000390026030000130029920250326143235.0250326s9999 xx 000 0 und d a0-333-99859-6 aTextbook aFMSLbengcFMSL aeng2eng aX:8D.1 P3qFMSL aMoosa I A 0aInternational ficial operations : Arbitrage, hedging, speculation, ficing and investmentcMoosa I A aNew YorkbNew York, Palgravec2003 axxii,362